| 000 | 00954cab a2200181 4500 | ||
|---|---|---|---|
| 001 | ##L133284 | ||
| 008 | 060426n2006 000 0 eng u | ||
| 035 | _a(Sirsi) u133284 | ||
| 041 | 0 | _aeng | |
| 100 | 1 | _aHudgins, Matt | |
| 245 | 0 | 0 |
_aREIT values _bin the eye of the beholder |
| 260 | _c2006 | ||
| 490 | 0 |
_aNational Real Estate Investor _v47(10) 2005, 21-28(6) |
|
| 520 | _aOver the last five years REITs have enjoyed rising share prices that insulated them from the rapid fluctuations common to other securities. They have managed to outperform every major index, with the exception of the NASDAQ's 50% return in 2003. However, REIT shares in 2005 are beginning to show signs of vulnerability. For instance, while they continue to outperform broad indices, a 9% loss in August suggested that they have begun to fluctuate. | ||
| 590 | _aIKA090506 | ||
| 690 | _aPROPERTY-PROPERTY FINANCE AND INVESTMENT-REAL ESTATE INVESTMENT TRUSTS | ||
| 942 | _n0 | ||
| 999 |
_c76908 _d76908 |
||